[Event "ICS rated bullet match"]
[Site "204.178.125.65"]
[Date "2000.03.21"]
[Round "?"]
[White "TheRookie"]
[Black "Hossa"]
[Result "0-1"]
[WhiteElo "1498"]
[BlackElo "2396"]
[PlyCount "58"]

1. e4 e5 2. Nf3 Nc6 3. Bc4 Bc5 4. b4 Bxb4 5. c3 Be7 6. O-O Nf6 7. d4 exd4 8. e5
Ne4 9. cxd4 d5 10. exd6 Nxd6 11. Bb3 Bg4 12. Nbd2 Nxd4 13. Ba4+ b5 14. h3 Bxf3
15. Nxf3 Nxf3+ 16. Qxf3 bxa4 17. Rd1 O-O 18. Bf4 Qd7 19. Qg3 Qf5 20. Rac1 Ne4
21. Qe3 Bc5 22. Rxc5 Nxc5 23. Bxc7 Rfe8 24. Qd2 Ne4 25. Qc2 Rac8 26. f3 Qc5+
27. Qxc5 Nxc5 28. Bh2 Red8 29. Bg3 Rxd1+ 0-1

[Event "ICS rated blitz match"]
[Site "204.178.125.65"]
[Date "2000.03.21"]
[Round "?"]
[White "Hossa"]
[Black "undertaker1"]
[Result "0-1"]
[WhiteElo "2425"]
[BlackElo "2718"]
[PlyCount "114"]

1. e4 e5 2. Nf3 Nc6 3. Bb5 a6 4. Ba4 Nf6 5. O-O Be7 6. Re1 b5 7. Bb3 d6 8. c3
O-O 9. h3 Na5 10. Bc2 c5 11. d4 Qc7 12. Nbd2 cxd4 13. cxd4 Bb7 14. Nf1 Rac8 15.
Re2 d5 16. dxe5 Nxe4 17. Ng3 f5 18. exf6 Bxf6 19. Bxe4 dxe4 20. Nxe4 Rcd8 21.
Qe1 Bxe4 22. Rxe4 Nc4 23. Rb1 Qd7 24. Bg5 Bxg5 25. Nxg5 Nd2 26. Rc1 Nxe4 27.
Qxe4 Qf5 28. Qe6+ Qxe6 29. Nxe6 Rc8 30. Rc5 Rfd8 31. g3 Rxc5 32. Nxc5 Rd2 33.
Nxa6 Rxb2 34. Nc7 Kf7 35. f4 Ke7 36. f5 g6 37. g4 gxf5 38. gxf5 Kf6 39. a3 Kxf5
40. Nd5 h5 41. Kf1 h4 42. Nb4 Ke4 43. Na6 Rc2 44. Kg1 Rc3 45. Kh2 Rxa3 46. Nc5+
Kd5 47. Nd7 Ra2+ 48. Kg1 b4 49. Nf6+ Kd4 50. Nh5 b3 51. Nf4 Ke4 52. Ng2 Rxg2+
53. Kxg2 b2 54. Kf2 b1=Q 55. Kg2 Qa2+ 56. Kf1 Kf3 57. Ke1 Qe2# 0-1

[Event "ICS rated bullet match"]
[Site "204.178.125.65"]
[Date "2000.03.21"]
[Round "?"]
[White "Hossa"]
[Black "strad"]
[Result "1-0"]
[WhiteElo "2397"]
[BlackElo "1436"]
[PlyCount "37"]

1. c4 e6 2. Nf3 d5 3. cxd5 exd5 4. e3 c6 5. Be2 Bg4 6. O-O Nf6 7. Nc3 Nbd7 8.
d3 Be7 9. e4 d4 10. Nxd4 Bxe2 11. Qxe2 Bc5 12. Nf5 O-O 13. d4 Bb6 14. e5 Nd5
15. Qg4 g6 16. Bh6 Re8 17. Nxd5 Kh8 18. Nd6 Re6 19. Nxf7+ 1-0

[Event "ICS rated blitz match"]
[Site "204.178.125.65"]
[Date "2000.03.21"]
[Round "?"]
[White "undertaker1"]
[Black "Hossa"]
[Result "1-0"]
[WhiteElo "2723"]
[BlackElo "2420"]
[PlyCount "115"]

1. e4 c6 2. d4 d5 3. Nc3 dxe4 4. Nxe4 Bf5 5. Ng3 Bg6 6. h4 h6 7. Nf3 Nd7 8. h5
Bh7 9. Bd3 Bxd3 10. Qxd3 Qc7 11. Bd2 e6 12. O-O-O Ngf6 13. Ne4 O-O-O 14. g3 Nc5
15. Nxc5 Bxc5 16. c4 Bd6 17. Bc3 Kb8 18. Qe2 Ka8 19. Kb1 Qe7 20. Ne5 Qc7 21. f4
Rhf8 22. g4 Rh8 23. Rhe1 Rhf8 24. g5 hxg5 25. fxg5 Nd7 26. h6 gxh6 27. gxh6 Nf6
28. Rf1 Be7 29. Rf3 Rc8 30. Rdf1 Qd8 31. Be1 Rc7 32. Bh4 Nh7 33. Bxe7 Rxe7 34.
Nxf7 Qxd4 35. Rd1 Qg4 36. Qd3 Rb8 37. Rdf1 Qg8 38. Rg3 Rxf7 39. Rxg8 Rxf1+ 40.
Qxf1 Rxg8 41. Qf7 Rh8 42. Qg7 Rf8 43. Qxh7 a5 44. Qc7 Rf1+ 45. Kc2 Rf2+ 46. Kb3
b6 47. Qxc6+ Ka7 48. c5 a4+ 49. Kc3 b5 50. h7 b4+ 51. Kxb4 Rf8 52. Qb6+ Ka8 53.
Qa6+ Kb8 54. Qd6+ Ka7 55. Qxf8 a3 56. h8=Q Kb7 57. Qa8+ Kc7 58. Qhc8# 1-0

[Event "ICS rated bullet match"]
[Site "204.178.125.65"]
[Date "2000.03.21"]
[Round "?"]
[White "Hossa"]
[Black "BushidoCode"]
[Result "1-0"]
[WhiteElo "2397"]
[BlackElo "1895"]
[PlyCount "41"]

1. c4 c5 2. Nf3 Nc6 3. g3 e5 4. Nc3 g6 5. Bg2 Bg7 6. d3 Nge7 7. Ne4 d6 8. Bg5
O-O 9. Nf6+ Kh8 10. Nd2 h6 11. h4 h5 12. f4 Nd4 13. fxe5 dxe5 14. g4 Qd6 15.
Nde4 Qa6 16. gxh5 gxh5 17. e3 Bxf6 18. Qxh5+ Kg8 19. Nxf6+ Qxf6 20. Bxf6 Ng6
21. exd4 1-0

[Event "ICS rated standard match"]
[Site "204.178.125.65"]
[Date "2000.03.21"]
[Round "?"]
[White "Hossa"]
[Black "rudenko"]
[Result "0-1"]
[WhiteElo "2245"]
[BlackElo "2309"]
[PlyCount "112"]

1. d4 e5 2. dxe5 Nc6 3. Nf3 Qe7 4. Qd5 f6 5. exf6 Nxf6 6. Qd1 d5 7. Nc3 Be6 8.
e3 O-O-O 9. Bb5 d4 10. Nxd4 Nxd4 11. exd4 Bc4+ 12. Be3 Bxb5 13. Nxb5 Qb4+ 14.
Nc3 Qxb2 15. Ne2 Bb4+ 16. Kf1 Nd5 17. Rb1 Qxa2 18. Bg5 Rde8 19. Ra1 Qc4 20. Qd3
Qxd3 21. cxd3 a5 22. Nf4 Nxf4 23. Bxf4 Rhf8 24. g3 b5 25. Kg2 c6 26. Rhc1 Kd7
27. d5 c5 28. h4 Re2 29. Kf1 Rb2 30. Rd1 Re8 31. Kg2 Ree2 32. Rf1 a4 33. Rac1
a3 34. h5 a2 35. Kf3 Bd2 36. Bxd2 Rexd2 37. Kg2 Kd6 38. Rce1 Kxd5 39. Ra1 Kd4
40. g4 Kxd3 41. g5 c4 42. h6 g6 43. Rac1 c3 44. Ra1 c2 45. Rh1 Rb1 46. Rxa2
Rxh1 47. Rxc2 Kxc2 48. Kxh1 Rxf2 49. Kg1 Rd2 50. Kf1 Kd3 51. Kg1 Ke3 52. Kf1
Rf2+ 53. Kg1 Kf3 54. Kh1 Kg3 55. Kg1 b4 56. Kh1 Rf1# 0-1

[Event "ICS rated bullet match"]
[Site "204.178.125.65"]
[Date "2000.03.22"]
[Round "?"]
[White "fiat"]
[Black "Hossa"]
[Result "0-1"]
[WhiteElo "1991"]
[BlackElo "2397"]
[PlyCount "38"]

1. e4 Nf6 2. e5 Nd5 3. d4 d6 4. Nf3 Bg4 5. Be2 e6 6. c4 Nb6 7. exd6 cxd6 8. O-O
Be7 9. Nc3 O-O 10. Be3 Bxf3 11. Bxf3 Nc6 12. d5 exd5 13. Bxd5 Bf6 14. Rc1 Re8
15. b3 Bxc3 16. Rxc3 Nxd5 17. Qxd5 Qf6 18. Rd3 Nb4 19. Rd2 Nxd5 0-1

[Event "ICS rated bullet match"]
[Site "204.178.125.65"]
[Date "2000.03.22"]
[Round "?"]
[White "Hossa"]
[Black "fiat"]
[Result "1-0"]
[WhiteElo "2400"]
[BlackElo "1988"]
[PlyCount "67"]

1. e4 c6 2. d4 d5 3. Nc3 dxe4 4. Nxe4 Nf6 5. Nxf6+ exf6 6. Bc4 Qe7+ 7. Qe2 Be6
8. Bb3 Na6 9. Be3 O-O-O 10. Nf3 Qc7 11. Bxe6+ fxe6 12. O-O Bd6 13. Qc4 Rhe8 14.
Rfe1 Nb4 15. g3 Nd5 16. Qd3 h5 17. c4 Nxe3 18. Qxe3 g5 19. c5 Bf8 20. Rad1 Rd5
21. Rc1 Qd7 22. Rc4 Bg7 23. Ra4 a6 24. Rc4 Qd8 25. b4 Qd7 26. Re2 h4 27. gxh4
g4 28. Ne1 f5 29. Nc2 Qe7 30. Qg3 Qf6 31. h3 Rh8 32. hxg4 Rxh4 33. g5 Qg6 34.
Qxh4 1-0

[Event "ICS rated blitz match"]
[Site "204.178.125.65"]
[Date "2000.03.22"]
[Round "?"]
[White "Hossa"]
[Black "undertaker1"]
[Result "0-1"]
[WhiteElo "2415"]
[BlackElo "2736"]
[PlyCount "126"]

1. e4 e5 2. Nf3 Nc6 3. Bb5 a6 4. Ba4 Nf6 5. O-O Be7 6. Re1 b5 7. Bb3 d6 8. c3
O-O 9. h3 Na5 10. Bc2 c5 11. d4 Qc7 12. Nbd2 cxd4 13. cxd4 Bb7 14. Nf1 Rac8 15.
Re2 d5 16. dxe5 Nxe4 17. Ng3 f5 18. exf6 Bxf6 19. Bxe4 dxe4 20. Nxe4 Rcd8 21.
Qe1 Bxe4 22. Rxe4 Nc4 23. Re2 Rd5 24. Rb1 Qd7 25. Qf1 Rd1 26. Re1 Rxe1 27. Nxe1
Qd1 28. Nf3 Qc2 29. Be3 Bxb2 30. Re1 Bf6 31. Bc5 Rd8 32. Re2 Qf5 33. Bb4 Nb2
34. Ba5 Rc8 35. Bb4 Nd3 36. Ba3 b4 37. Qb1 Qb5 38. Rd2 Rc3 39. Rxd3 Qxd3 40.
Qe1 Qb5 41. Qe6+ Kf8 42. Qd6+ Be7 43. Qf4+ Kg8 44. Bb2 Rc2 45. Nd4 Qc4 46. Qb8+
Qc8 47. Qxc8+ Rxc8 48. Nf5 Rc2 49. Nxe7+ Kf8 50. Bf6 gxf6 51. Nd5 a5 52. Nxf6
Rxa2 53. Nxh7+ Ke7 54. Ng5 b3 55. Nf3 Rc2 56. Nd4 b2 57. Kh2 b1=Q 58. Nc6+ Rxc6
59. h4 Qf5 60. f3 Qf4+ 61. Kh3 Rc1 62. g3 Qxf3 63. h5 Rh1# 0-1

[Event "ICS rated bullet match"]
[Site "204.178.125.65"]
[Date "2000.03.22"]
[Round "?"]
[White "Chess-Fighter"]
[Black "Hossa"]
[Result "0-1"]
[WhiteElo "1750"]
[BlackElo "2404"]
[PlyCount "106"]

1. e4 e5 2. Nf3 Nc6 3. Bc4 Bc5 4. d4 exd4 5. c3 dxc3 6. Bxf7+ Kxf7 7. Qd5+ Kf8
8. Qxc5+ Qe7 9. Qxe7+ Ngxe7 10. Nxc3 d5 11. exd5 Nb4 12. Kd1 Bg4 13. Ke2 Nexd5
14. Nxd5 Nxd5 15. h3 Re8+ 16. Kd2 Bxf3 17. gxf3 c5 18. Re1 Nf4 19. Rxe8+ Kxe8
20. Kc3 Nxh3 21. Be3 Rf8 22. Bxc5 Rxf3+ 23. Kb4 Nxf2 24. Bxa7 Nd3+ 25. Kc4
Nxb2+ 26. Kd5 Rf5+ 27. Ke6 Rf7 28. Ke5 b5 29. Bd4 Re7+ 30. Kd5 Rd7+ 31. Kc5
Nd3+ 32. Kxb5 Rxd4 33. a4 Rb4+ 34. Kc6 Kf7 35. Rh1 Rxa4 36. Rf1+ Rf4 37. Ra1
Rc4+ 38. Kd5 Rb4 39. Kd6 Rd4+ 40. Kc7 Rc4+ 41. Kb8 Rb4+ 42. Ka8 Kg8 43. Rf1 Re4
44. Re1 Rxe1 45. Ka7 Rb1 46. Ka6 Kf7 47. Ka5 Ke6 48. Ka6 Kd5 49. Ka5 Kc4 50.
Ka6 Kc5 51. Ka7 Kc6 52. Ka8 Kc7 53. Ka7 Ra1# 0-1

[Event "ICS rated bullet match"]
[Site "204.178.125.65"]
[Date "2000.03.22"]
[Round "?"]
[White "Chess-Fighter"]
[Black "Hossa"]
[Result "0-1"]
[WhiteElo "1748"]
[BlackElo "2406"]
[PlyCount "88"]

1. e4 e5 2. Nf3 Nc6 3. Bc4 Nf6 4. d4 exd4 5. e5 d5 6. exf6 dxc4 7. fxg7 Qe7+ 8.
Qe2 Qxe2+ 9. Kxe2 Bxg7 10. Bd2 d3+ 11. cxd3 cxd3+ 12. Ke3 Bxb2 13. Nc3 Bxa1 14.
Rxa1 Bg4 15. Kxd3 O-O-O+ 16. Kc2 Bxf3 17. gxf3 Nd4+ 18. Kb2 Nxf3 19. Be3 Nxh2
20. Ne4 Nf3 21. Rh1 Rd5 22. Nf6 Rb5+ 23. Kc3 h5 24. Bd4 Ra5 25. Be3 Rxa2 26.
Nxh5 Ra5 27. Ng3 Rxh1 28. Nxh1 Re5 29. Ng3 a5 30. Kd3 b5 31. Bc1 a4 32. Ne4 f5
33. Ba3 Rxe4 34. Kc3 c5 35. Bxc5 Rc4+ 36. Kd3 Rxc5 37. Ke3 Rc3+ 38. Kf4 Kd7 39.
Kxf5 a3 40. Kf4 a2 41. Kf5 a1=Q 42. Kf4 Qc1+ 43. Kf5 Qg5+ 44. Ke4 Qe5# 0-1

[Event "ICS rated blitz match"]
[Site "204.178.125.65"]
[Date "2000.03.22"]
[Round "?"]
[White "PostModernist"]
[Black "Hossa"]
[Result "1-0"]
[WhiteElo "2543"]
[BlackElo "2411"]
[PlyCount "131"]

1. d4 Nf6 2. c4 e6 3. Nf3 b6 4. g3 Ba6 5. b3 Bb4+ 6. Bd2 Be7 7. Nc3 O-O 8. e4
d5 9. cxd5 Bxf1 10. Kxf1 exd5 11. e5 Ne4 12. Rc1 Na6 13. Qe2 Ba3 14. Rb1 Nxc3
15. Bxc3 Qc8 16. b4 c5 17. bxc5 bxc5 18. Kg2 c4 19. Rhe1 Qf5 20. Nh4 Qd7 21.
Qh5 g6 22. Qh6 Rfe8 23. Nf3 Bf8 24. Qf4 Rac8 25. Kg1 Bg7 26. Rb2 Nb8 27. Reb1
Nc6 28. Rb7 Rc7 29. R7b5 a6 30. Rb6 Ra8 31. g4 Bh6 32. g5 Bf8 33. Kg2 Qc8 34.
a4 Bg7 35. a5 Qd7 36. Ne1 Bh8 37. Nc2 Raa7 38. Nb4 Nxb4 39. R1xb4 Qe8 40. Rd6
Rd7 41. Rbb6 Rxd6 42. Rxd6 Rb7 43. Rxa6 Rb3 44. Qf3 Qd8 45. h4 Bg7 46. Ra7 Qe8
47. Qxd5 Qe6 48. Qd8+ Bf8 49. f3 Qc6 50. d5 Qc5 51. Rc7 Qxc7 52. Qxc7 Rxc3 53.
d6 Rc2+ 54. Kg3 Re2 55. a6 Kg7 56. Qxc4 Re1 57. Qd4 Rc1 58. e6+ Kg8 59. e7 Bxe7
60. dxe7 Rc8 61. Qd8+ Rxd8 62. exd8=Q+ Kg7 63. a7 h6 64. Qf6+ Kg8 65. a8=Q+ Kh7
66. Qxf7# 1-0

[Event "ICS rated blitz match"]
[Site "204.178.125.65"]
[Date "2000.03.22"]
[Round "?"]
[White "Hossa"]
[Black "QueenMaxima"]
[Result "1-0"]
[WhiteElo "2401"]
[BlackElo "2443"]
[PlyCount "93"]

1. e4 c6 2. d4 d5 3. e5 Bf5 4. Nc3 e6 5. g4 Bg6 6. Nge2 c5 7. h4 cxd4 8. Nxd4
h5 9. f4 hxg4 10. Bb5+ Nd7 11. f5 Bxf5 12. Nxf5 exf5 13. Qxd5 Bb4 14. Qxb7
Bxc3+ 15. bxc3 Rc8 16. Qxa7 Rxc3 17. Bg5 Rc7 18. Qd4 Qxg5 19. hxg5 Rxh1+ 20.
Bf1 Ne7 21. O-O-O g6 22. a4 Rb7 23. a5 Rc7 24. a6 Nc8 25. Qd5 Rxf1 26. Rxf1
Ndb6 27. Qb7 Kd8 28. Rd1+ Nd7 29. Qd5 Ke7 30. Qd6+ Nxd6 31. exd6+ Kd8 32. dxc7+
Kxc7 33. Rxd7+ Kb8 34. Kd2 f4 35. Ke2 Ka8 36. Rxf7 Kb8 37. Rb7+ Ka8 38. Kf2 f3
39. Rb4 Ka7 40. Ra4 Kb8 41. a7+ Kc8 42. a8=Q+ Kc7 43. Ra6 g3+ 44. Kxf3 g2 45.
Kxg2 Kd7 46. Qb7+ Kd8 47. Ra8# 1-0

[Event "ICS rated bullet match"]
[Site "204.178.125.65"]
[Date "2000.03.22"]
[Round "?"]
[White "QueenMaxima"]
[Black "Hossa"]
[Result "0-1"]
[WhiteElo "2535"]
[BlackElo "2407"]
[PlyCount "110"]

1. e4 e5 2. Nf3 Nc6 3. Bb5 a6 4. Bxc6 dxc6 5. O-O Bg4 6. h3 h5 7. d4 Bxf3 8.
Qxf3 exd4 9. Rd1 Bd6 10. Qb3 b5 11. e5 Bc5 12. e6 fxe6 13. Qxe6+ Ne7 14. Qe5
Qd5 15. Qxc7 O-O 16. Qg3 Qf5 17. Rd3 Nd5 18. Bh6 Ra7 19. Bd2 Re7 20. a4 Re2 21.
axb5 axb5 22. Qf3 Qe5 23. Qg3 Qe4 24. f3 Qe6 25. Qg5 Qf7 26. Kf1 Rfe8 27. Ra6
Qb7 28. Ra1 Qc7 29. g3 Qf7 30. g4 hxg4 31. Qxg4 Ba7 32. Rda3 Bb6 33. Qg3 b4 34.
Ra8 Qf8 35. Rxe8 Rxe8 36. Bh6 Qe7 37. Kg2 Qe2+ 38. Qf2 gxh6 39. Qxe2 Rxe2+ 40.
Kg3 Rxc2 41. Ra2 d3 42. Ra8+ Kh7 43. b3 Bf2+ 44. Kg4 Rb2 45. Ra1 Ne3+ 46. Kh5
Nc2 47. Ra6 Rxb1 48. Rxc6 d2 49. Rc7+ Kg8 50. Rc8+ Kf7 51. Rc7+ Ke6 52. Rxc2
d1=Q 53. Kg6 Qxc2+ 54. Kxh6 Rg1 55. f4 Qg6# 0-1

[Event "ICS rated bullet match"]
[Site "204.178.125.65"]
[Date "2000.03.22"]
[Round "?"]
[White "Hossa"]
[Black "PostModernist"]
[Result "0-1"]
[WhiteElo "2429"]
[BlackElo "2495"]
[PlyCount "120"]

1. e4 c6 2. d4 d5 3. Nc3 dxe4 4. Nxe4 Nd7 5. Ng5 Nb6 6. Bd3 g6 7. N1f3 Bg7 8.
O-O Nh6 9. c3 O-O 10. Ne4 Bf5 11. Nc5 Bxd3 12. Qxd3 Nd7 13. Nxb7 Qb6 14. Nc5
Nxc5 15. dxc5 Qxc5 16. Qe4 Nf5 17. g4 Nh6 18. Rd1 f5 19. Qe6+ Nf7 20. Be3 Qb5
21. gxf5 Qxf5 22. Qxf5 gxf5 23. Bc5 Rfb8 24. Rab1 Rb7 25. Nh4 e6 26. Nf3 Rab8
27. Bb4 Bf6 28. Kg2 e5 29. Rg1 e4 30. Nd2 Ne5 31. Kh1+ Kf7 32. Bd6 Rd8 33. Bxe5
Rxd2 34. Bxf6 Kxf6 35. Kg2 e3 36. Rgf1 e2 37. Rfe1 Rbd7 38. f4 Rd1 39. Rxe2
Rg7+ 40. Kf2 Rxb1 41. Kf3 Rg4 42. Rf2 Re1 43. h3 Rg6 44. Rd2 Rf1+ 45. Ke3 Rg3+
46. Kd4 Rxf4+ 47. Kc5 Ra4 48. a3 Ra6 49. c4 Rxh3 50. Rd6+ Ke5 51. Rxc6 Rxc6+
52. Kxc6 f4 53. c5 f3 54. Kb7 f2 55. Kxa7 Rb3 56. c6 f1=Q 57. c7 Qf7 58. Ka8
Qxc7 59. a4 Rxb2 60. a5 Qxa5# 0-1

[Event "ICS rated standard match"]
[Site "204.178.125.65"]
[Date "2000.03.22"]
[Round "?"]
[White "PostModernist"]
[Black "Hossa"]
[Result "1/2-1/2"]
[WhiteElo "2398"]
[BlackElo "2238"]
[PlyCount "77"]

1. e4 e5 2. d4 exd4 3. c3 dxc3 4. Bc4 cxb2 5. Bxb2 d5 6. Bxd5 Nf6 7. Bxf7+ Kxf7
8. Qxd8 Bb4+ 9. Qd2 Bxd2+ 10. Nxd2 Re8 11. Ngf3 Nc6 12. O-O Bg4 13. Rfe1 Kg8
14. Rab1 Rab8 15. Bxf6 gxf6 16. h3 Bxf3 17. Nxf3 Re6 18. g4 Ne5 19. Nxe5 fxe5
20. Red1 Re7 21. Kg2 b6 22. Rb3 Rf8 23. Rf3 Rxf3 24. Kxf3 c5 25. Ke3 c4 26. g5
Rc7 27. f4 exf4+ 28. Kxf4 c3 29. Rc1 b5 30. Ke5 b4 31. Kd6 Rc4 32. e5 Rd4+ 33.
Kc5 Re4 34. e6 a5 35. Kd6 Rd4+ 36. Kc5 Re4 37. Kd6 Rd4+ 38. Kc5 Re4 39. Kd6
1/2-1/2

[Event "ICS rated standard match"]
[Site "204.178.125.65"]
[Date "2000.03.22"]
[Round "?"]
[White "Hossa"]
[Black "PostModernist"]
[Result "0-1"]
[WhiteElo "2245"]
[BlackElo "2391"]
[PlyCount "33"]

1. d4 d5 2. c4 e6 3. Nc3 Be7 4. Nf3 Nf6 5. Bf4 c5 6. cxd5 Nxd5 7. Bxb8 Rxb8 8.
Qa4+ Bd7 9. Qc4 cxd4 10. Qxd4 Nxc3 11. bxc3 Bf6 12. Ne5 Qc7 13. f4 Rd8 14. e3
Bh4+ 15. g3 Bc6 16. Qc4 Qd6 17. Kf2 0-1

[Event "ICS rated standard match"]
[Site "204.178.125.65"]
[Date "2000.03.22"]
[Round "?"]
[White "PostModernist"]
[Black "Hossa"]
[Result "1-0"]
[WhiteElo "2401"]
[BlackElo "2235"]
[PlyCount "39"]

1. e4 e5 2. d4 exd4 3. c3 dxc3 4. Bc4 cxb2 5. Bxb2 d5 6. Bxd5 Nf6 7. Nc3 Nxd5
8. Nxd5 Nc6 9. Nf3 Bg4 10. Qb3 Rb8 11. Rd1 Be6 12. O-O a6 13. Qe3 Qc8 14. Qf4
Bxd5 15. exd5 Bd6 16. Rfe1+ Ne7 17. Qg5 Rf8 18. Qxg7 h6 19. Rxe7+ Bxe7 20. Re1
1-0

[Event "ICS rated bullet match"]
[Site "204.178.125.65"]
[Date "2000.03.22"]
[Round "?"]
[White "Hossa"]
[Black "QueenMaxima"]
[Result "0-1"]
[WhiteElo "2416"]
[BlackElo "2527"]
[PlyCount "156"]

1. e4 e6 2. d4 d5 3. Nc3 dxe4 4. Nxe4 Nd7 5. Nf3 Ngf6 6. Nxf6+ Nxf6 7. Bd3 b6
8. Qe2 Be7 9. Bg5 Bb7 10. Ba6 Bxa6 11. Qxa6 c6 12. O-O-O Qc8 13. Qxc8+ Rxc8 14.
Bxf6 Bxf6 15. h4 Ke7 16. g4 Ke8 17. h5 h6 18. Rd3 a6 19. Rb3 Rb8 20. Ra3 a5 21.
Kb1 Ke7 22. Re1 Rb7 23. Rd3 Rd7 24. Re2 Rhd8 25. Re4 Kd6 26. a4 Kc7 27. Ka1 c5
28. dxc5 Rxd3 29. cxb6+ Kxb6 30. cxd3 Rxd3 31. Re3 Rxe3 32. fxe3 Kc5 33. Ka2
Kc4 34. Nd2+ Kd3 35. Nb3 Bd8 36. Nd4 Kxe3 37. Nb5 Be7 38. Na7 Bd6 39. Nc6 Kf4
40. Nxa5 Kxg4 41. b4 Bxb4 42. Nc6 Bc3 43. a5 Bxa5 44. Nxa5 Kxh5 45. Nb7 e5 46.
Nd6 Kg6 47. Nc4 f6 48. Kb2 e4 49. Kc3 f5 50. Kd4 Kf6 51. Nd6 h5 52. Ne8+ Kf7
53. Nd6+ Ke6 54. Ne8 g6 55. Nc7+ Kd6 56. Nb5+ Kc6 57. Na7+ Kd7 58. Nb5 h4 59.
Nc3 h3 60. Nd1 g5 61. Nf2 g4 62. Ke3 Kd6 63. Kf4 h2 64. Nh1 Kc5 65. Ke3 Kd5 66.
Kf4 Kd4 67. Kg3 e3 68. Kg2 f4 69. Kf1 Ke4 70. Kg2 g3 71. Kh3 e2 72. Kg4 e1=Q
73. Kg5 Qxh1 74. Kf6 Qa1+ 75. Ke7 h1=Q 76. Kd7 Qa7+ 77. Kc6 Kd4+ 78. Kd6 Qh6#
0-1

[Event "ICS rated blitz match"]
[Site "204.178.125.65"]
[Date "2000.03.22"]
[Round "?"]
[White "QueenMaxima"]
[Black "Hossa"]
[Result "0-1"]
[WhiteElo "2437"]
[BlackElo "2419"]
[PlyCount "148"]

1. c4 e5 2. g3 Nf6 3. Bg2 c6 4. d4 exd4 5. Qxd4 d5 6. Nf3 Be7 7. Nc3 c5 8. Qf4
d4 9. Nb5 O-O 10. h3 a6 11. Na3 Re8 12. O-O Nc6 13. Qd2 Bd6 14. Re1 Bc7 15. Qd3
Ba5 16. Bd2 Nb4 17. Qb1 Ne4 18. Bf4 Nc6 19. Rf1 Bf5 20. Qd1 Bc7 21. Bxc7 Qxc7
22. Nh4 Bd7 23. Nf3 Qc8 24. Kh2 Nb4 25. Qb3 Qc7 26. Nc2 Nxc2 27. Qxc2 Nd6 28.
Rfe1 Nf5 29. Nd2 a5 30. Be4 g6 31. Bg2 Bc6 32. Bxc6 Qxc6 33. Nf3 a4 34. Kg2 a3
35. b3 Re4 36. Kg1 Rae8 37. Qd1 Qf6 38. Kg2 Qe7 39. Kf1 b6 40. Qd3 Qf6 41. Nd2
R4e6 42. Qf3 Qe7 43. Qd3 Rd6 44. Nb1 Qb7 45. Kg1 Ne3 46. f3 Qd7 47. Kh2 Re5 48.
h4 Qa7 49. Nc3 Rde6 50. Nb5 Qa5 51. Kh3 Re7 52. Rg1 Qa8 53. Rab1 h5 54. Rbe1
Qc8+ 55. Kh2 Qe6 56. Qd2 Rb7 57. Nxa3 Ra7 58. Nb5 Re7 59. Qc1 Rd7 60. Qb2 d3
61. Nc3 d2 62. Ra1 d1=Q 63. Nxd1 Nxd1 64. Qc1 Rxe2+ 65. Rg2 Rxg2+ 66. Kxg2 Qe2+
67. Kg1 Qf2+ 68. Kh1 Qxg3 69. Qc2 Nf2+ 70. Qxf2 Qxf2 71. Re1 Qxe1+ 72. Kg2 Rd2+
73. Kh3 Qe2 74. Kg3 Qh2# 0-1

[Event "ICS rated standard match"]
[Site "204.178.125.65"]
[Date "2000.03.22"]
[Round "?"]
[White "Hossa"]
[Black "prg3"]
[Result "0-1"]
[WhiteElo "2226"]
[BlackElo "2205"]
[PlyCount "122"]

1. d4 d5 2. c4 c6 3. Nf3 Nf6 4. Nc3 dxc4 5. a4 Bf5 6. e3 e6 7. Bxc4 Bb4 8. O-O
O-O 9. Qe2 Ne4 10. Nxe4 Bxe4 11. Rd1 a5 12. Bd3 Bxd3 13. Qxd3 Nd7 14. e4 h6 15.
Bd2 Bxd2 16. Rxd2 Qe7 17. Qb3 Rfb8 18. Ne5 Nxe5 19. dxe5 Rd8 20. Rad1 Rxd2 21.
Rxd2 Rd8 22. Rxd8+ Qxd8 23. h3 b5 24. axb5 Qb6 25. g3 cxb5 26. Qc3 b4 27. Qc4
a4 28. Qd3 a3 29. bxa3 b3 30. Qb1 b2 31. Kf1 Qb3 32. Ke2 Qxa3 33. Kd2 Qb3 34.
f3 h5 35. g4 h4 36. g5 g6 37. Ke2 Qc3 38. Kd1 Kg7 39. f4 Kf8 40. f5 Kg7 41. Qc2
Qf3+ 42. Kd2 Qf2+ 43. Kc3 Qxc2+ 44. Kxc2 gxf5 45. exf5 exf5 46. Kxb2 Kg6 47.
Kc3 Kxg5 48. Kd4 Kf4 49. Kd5 Ke3 50. Kd6 Ke4 51. Ke7 Kxe5 52. Kd7 f4 53. Kc6 f3
54. Kb6 f2 55. Kc5 f1=Q 56. Kb4 Qc1 57. Kb3 Kd4 58. Ka2 Qc3 59. Kb1 Qd2 60. Ka1
Kc3 61. Kb1 Qb2# 0-1

[Event "ICS rated standard match"]
[Site "204.178.125.65"]
[Date "2000.03.22"]
[Round "?"]
[White "Hossa"]
[Black "PostModernist"]
[Result "0-1"]
[WhiteElo "2209"]
[BlackElo "2410"]
[PlyCount "124"]

1. e4 c6 2. d4 d5 3. Nc3 dxe4 4. Nxe4 Bf5 5. Ng3 Bg6 6. h4 h6 7. Nf3 Nd7 8. h5
Bh7 9. Bd3 Bxd3 10. Qxd3 e6 11. Bd2 Qc7 12. O-O-O O-O-O 13. Qe2 Ngf6 14. Ne5
Nb6 15. Ba5 Rd5 16. Bxb6 axb6 17. Qc4 Bd6 18. f4 c5 19. Kb1 Rd8 20. c3 cxd4 21.
Qxc7+ Bxc7 22. Nxf7 R8d7 23. Ne5 Bxe5 24. fxe5 dxc3 25. Rxd5 Nxd5 26. Rc1 Kb8
27. bxc3 Ne3 28. Re1 Nxg2 29. Re4 Rf7 30. Ne2 Rf5 31. Nd4 Rf4 32. Re2 Rf1+ 33.
Kc2 Nf4 34. Rd2 Re1 35. Nb5 Kc8 36. Nd6+ Kc7 37. Nb5+ Kc6 38. Nd4+ Kc5 39. Nb3+
Kb5 40. Rd4 Nxh5 41. Rb4+ Kc6 42. Nd4+ Kc7 43. Nxe6+ Kb8 44. Nf8 Kc8 45. Rc4+
Kd8 46. Ng6 Rg1 47. Nh8 Rf1 48. Ng6 Rf2+ 49. Kb3 Rg2 50. Rd4+ Ke8 51. Rd6 Rg1
52. c4 Ng3 53. Kb2 Rg2+ 54. Kb3 Ne2 55. Kb4 Nc1 56. a3 Nd3+ 57. Rxd3 Rxg6 58.
Rd6 Rxd6 59. exd6 h5 60. Kb5 Kd7 61. Kxb6 h4 62. Kxb7 h3 0-1

[Event "ICS rated blitz match"]
[Site "204.178.125.65"]
[Date "2000.03.22"]
[Round "?"]
[White "sergor"]
[Black "Hossa"]
[Result "0-1"]
[WhiteElo "2185"]
[BlackElo "2442"]
[PlyCount "86"]

1. d4 Nf6 2. c4 e6 3. Nc3 Bb4 4. e3 O-O 5. Bd3 d5 6. Nf3 dxc4 7. Bxc4 c5 8. O-O
cxd4 9. exd4 Nbd7 10. Qd3 a6 11. Rd1 b5 12. Bb3 Bb7 13. Bg5 Rc8 14. Rac1 Be7
15. Qe2 b4 16. Na4 h6 17. Bh4 Rxc1 18. Rxc1 Nb6 19. Nxb6 Qxb6 20. Bg3 Bxf3 21.
gxf3 Qxd4 22. Be5 Qb6 23. Qe3 Qxe3 24. fxe3 Nd7 25. Bf4 Bg5 26. Bxg5 hxg5 27.
Rc7 Ne5 28. Kf2 Rd8 29. Ke2 Rd6 30. Ra7 Kf8 31. f4 gxf4 32. exf4 Nd3 33. f5
Nc1+ 34. Ke3 Nxb3 35. axb3 exf5 36. Kf4 g6 37. Rb7 Rd2 38. h4 a5 39. Rb5 Rxb2
40. Rxa5 Rxb3 41. Rb5 Rh3 42. Kg5 Kg7 43. Rb7 Rh2 0-1

[Event "ICS rated blitz match"]
[Site "204.178.125.65"]
[Date "2000.03.22"]
[Round "?"]
[White "Hossa"]
[Black "sergor"]
[Result "0-1"]
[WhiteElo "2448"]
[BlackElo "2179"]
[PlyCount "102"]

1. d4 Nf6 2. c4 e6 3. Nc3 Bb4 4. Qc2 c5 5. dxc5 Bxc5 6. Nf3 Nc6 7. Bg5 Nd4 8.
Nxd4 Bxd4 9. e3 Qa5 10. exd4 Qxg5 11. g3 O-O 12. Bg2 a6 13. O-O Rb8 14. Rfe1 d6
15. f4 Qg6 16. Be4 Nxe4 17. Nxe4 d5 18. cxd5 exd5 19. Qc7 Bf5 20. Nc3 Be4 21.
Nxe4 dxe4 22. Rac1 f5 23. Rc2 h5 24. Rc3 Kh7 25. Rb3 Rfc8 26. Qe7 Re8 27. Qc5
Rbc8 28. Qa7 Rc2 29. Rb6 Qg4 30. Rxb7 h4 31. Rf7 hxg3 32. Rxg7+ Qxg7 33. Qxg7+
Kxg7 34. hxg3 Rxb2 35. Rc1 Re7 36. g4 fxg4 37. Rc5 e3 38. Rc1 Kf6 39. d5 Rd7
40. Re1 Rxd5 41. a4 g3 42. Rf1 Kf5 43. Re1 Kxf4 44. a5 Rdd2 45. Rf1+ Kg4 46.
Rc1 Rf2 47. Rd1 Kf3 48. Rc1 Rg2+ 49. Kh1 Rh2+ 50. Kg1 Rbg2+ 51. Kf1 Rh1# 0-1